|
|
|
|
| LEADER |
00000nam a22000007a 4500 |
| 005 |
20130425192118.0 |
| 007 |
cr|||| |||| |
| 008 |
130425e2011 pe |||||s|||| 00||0 spa d |
| 020 |
|
|
|a 978-612-4047-51-0
|
| 035 |
|
|
|a 11037
|
| 040 |
|
|
|a vLex
|
| 090 |
|
|
|c 4180
|d 4180
|
| 100 |
1 |
0 |
|a Caenegem, R. C. van
|
| 245 |
1 |
0 |
|a Jueces, legisladores y profesores
|b Fases de la historia jurd̕ica europea
|c / Raoul Charles Baron van Caenegem
|h [Recurso electrn̤ico]
|
| 256 |
|
|
|a Servicio en ln̕ea
|
| 260 |
|
|
|a Lima :
|b Palestra Editores,
|c 2011
|
| 300 |
|
|
|a 1 Recurso electrn̤ico
|
| 506 |
|
|
|d vLex Global
|d vLex Global (Academic Edition, excluding Law Schools)
|d vLex Global (U.S. Academic Edition, Law Schools)
|d vLex Global (U.S. Academic Edition, excluding Law Schools)
|d vLex Global (Academic Edition, Law Schools)
|
| 650 |
|
4 |
|a Historia del Derecho
|
| 740 |
|
|
|a vLex Libros (Servicio en ln̕ea)
|
| 856 |
|
|
|a Acceso restringido
|u http://www.vlex.com/source/11037
|
| 942 |
|
|
|c BOOK
|
| 999 |
|
0 |
|a History
|